00198nam a22000737a 4500100002000000245007000020260002700090300000700117 aRaja Khan Korai aFebrication Of Refrigeration System By Using thermoelectric Model aNawabshahbQuestc2017 a33